Statistiques concernant Anagrammes chanteuses francophones

Cliquez ici pour prendre le quiz!

Statistiques générales

  • Ce quiz a été pris 160 fois
  • Le résultat moyen est 21 sur 30

Statistiques - réponses

AnagrammePrénom de la chanteuseNom de la chanteuse% Correct
DerAxelleRed
99%
SamJeanneMas
98%
BurinCarlaBruni
97%
RalaCatherineLara
96%
OdinCélineDion
95%
LoyerNolwennLeroy
95%
DrapaisVanessaParadis
95%
BrodâtBrigitteBardot
92%
LatTal
92%
LoiLio
91%
ZuriOliviaRuiz
89%
RealAmandaLear
86%
LebelMarie PauleBelle
85%
RasageHélèneSegara
82%
LobeCarolineLoeb
80%
NavrâtSylvieVartan
77%
NattiezJulieZenatti
77%
OrielLorie
75%
TapitGueschPatti
67%
RestePaulineEster
62%
FolâtreMarieLaforet
55%
PleurâtSabinePaturel
52%
SténoStone
45%
NeigerRegine
42%
HélaisSheila
42%
SardeRomaneSerda
39%
ButeraIsabelleAubret
34%
ElimeraGeorgetteLemaire
32%
ConardeNathalieCardone
26%
AborderJocelyneBeroard
17%

Distribution des résultats

Percentile par nombre de réponses

% des personnes avec chaque résultat

Votre développement - résultats

Vous n’avez pas pris ce quiz